• 首页
  • 本馆介绍
  • 公告通知
  • 最新文献
  • 馆藏检索
  • 电子资源
  • 读者导购
  • 参考咨询
  • 我的图书馆
  • 登录
  • 详细信息显示
  • 放入我的书架
  • 预约/预借图书
  • 作者相关作品
  • 分类相关作品
  • 丛书相关作品
  • 出版社相关作品

书目信息

  • 表格格式
  • 工作单格式
  • 卡片格式
书名: Russian word count
作者: [by] E. ?teinfeldt. [Translated by V. Korotky].
分册号:
分册名:
出版地: Moscow :
 
出版社: Progress Publishers
出版时间: [1965?].
页数: 227 p. ;
开本: 22 cm.
丛书名:
中图分类号:
科图分类号:
其他分类号: H316
主题词:
电子资源:
000 00749nam 22000229n 450 9
001 0298490606
005 20070302090420.18
008 750225m1965 u y b 000 0
040    @aSER@eWOO
041    @aeng@aeng@irus
050    @aPG2691@b.S813
090    @aH353.1
090    @aH316
099    @dH316@ex57
100 1  @a?teinfeldt@cEvi.
245 10 @aRussian word count / @c[by] E. ?teinfeldt. [Translated by V. Korotky].
260 1  @aMoscow :@bProgress Publishers,@c[1965?].
300    @a227 p. ;@c22 cm.
500    @aAdded t.p., in Russian.
500    @aTranslation of: Chastotny? slovar? sovremennogo russkogo literaturnogo i?a?zyka (romanized form).
504    @aBibliographical footnotes.
650  4 @aRussian language@xWord frequency.
    
    Russian word count / / [by] E. ?teinfeldt. [Translated by V. Korotky].-Moscow : : Progress Publishers, , [1965?].
    227 p. ; ; 22 cm.
    Added t.p., in Russian.-Translation of: Chastotny? slovar? sovremennogo russkogo literaturnogo i?a?zyka (romanized form).-Bibliographical footnotes.
    
    ISBN
    
●
相关链接 在E读中查询图书 在五车中查询图书 在当当中查询图书 在豆瓣中查询图书


正题名:Russian word count     索取号:H316/x57         预约/预借

序号 登录号 条形码 馆藏地/架位号 状态 备注
1 13209   001430062   密集书库/ [索取号:H316/x57] 在馆    
唐山师范学院图书馆 欢迎您!
大连网信软件有限公司© 版权所有